1578 1143 1189 1953 1303 1370 1700 1514 1679 1609 1093 1460 1964 1122 1361 1610 1499 1164 1586 1020 1865 1158 1264 1308 1225 1019 1070 1815 1956 1637 1700 1255 2000 1889 1537 1474 1299 1967 1304 1507 1191 1848 1006 1295 1601 1278 1178 1500 1954 1763 1297 1893 1869 1159 1133 1703 1193 1587 1213 1161 1815 1114 1975 1170 1003 1418 1170 1897 1169 1212 1723 1628 1465 1115 1096 1493 1718 1904 1222 1619 1007 1525 1348 1217 1477 1821 1344 1115 1662 1488 1507 1668 1588 1917 1646 1034 1573 1832 1981 BCNSPRNW ULIB Ver.6.0+V

เปลี่ยนเป็นภาษาไทย

Change to English
 แสดงรายละเอียดบรรณานุกรม
  กลับหน้าหลัก

Brief Record : Get Marc (ISO 2709) : E-mail record : QR code < ปิดหน้าต่าง
LEADER : 00000nam 2200000uu 4500
001    13399111444
003     ULIB
008    110627s||||||||th 000 0 tha d
020    9789741091294
090    นว.^bณ429ป 2553
100 0  ณารา
245 00 ปลาไหลป้ายแดง/^cณารา
250    พิมพ์ครั้งที่ 3
260    นนทบุรี :^bพิมพ์คำ,^c2553
300    342 หน้า
945    ^p220^l0^i030176
995    ทศพร
999 ^a ใช้งานได้ทุกระบบ
รายการนี้ยังไม่มีแท็ก
คุณยังไม่ได้ล็อกอิน คุณสามารถมีกิจกรรมร่วมกับเว็บไซต์ได้ แต่ต้องล็อกอินก่อน ::
  ล็อกอิน

รายการสื่อสารสนเทศ

ลำดับที่ ประเภท เลขเรียก/บาร์โค้ด สถานที่ สถานะ
- ไม่พบข้อมูล -

รายการใกล้เคียง
    ผู้แต่ง [ณารา]

BibComment


ยังไม่เคยถูกคอมเมนท์

คอมเมนท์ทรัพยากรรายการนี้
  คอมเมนท์: ปลาไหลป้ายแดง ณารา


 Copyright 2026. Bcnsprnw @Library